01445pab a2200121 454500008004000000100002100040245007500061260000900136300001600145520108500161650002601246773005101272180718b2002 xxu||||| |||| 00| 0 eng d aSehested, Karina aHow new public management reforms challenge the roles of professionals c2002 ap.1513-537. aThe article discusses the relationship between New Public Management reforms and professional roles in European countries. The author presents the traditional autonomous role of professionals and argues that this role is challenged in New Public Management reforms. Then the author looks more closely into the comparative European literature on New Public Management reforms to find general messages about the specific challenges for professionals, and the Danish way of implementing New Public Management reforms is introduced with a specific combination of decentralisation, managerialism and democratisation. Professionals are faced with all of these reform strategies and each of them raises important research questions in a study of reforms and roles. Finally the author presents the few European comparative studies on actual changes in professional role as a consequence of New Public Management reforms and the result is the upcoming of maybe a new interactive role and professional managers. The result calls for further studies into these new roles. - Reproduced. aAdministrative reform aInternational Journal of Public Administration